Food Processing Technology. Principles and Practice.

Αποθηκεύτηκε σε:
Λεπτομέρειες βιβλιογραφικής εγγραφής
Κύριος συγγραφέας: Fellows, Peter J. (Συγγραφέας)
Μορφή: Άγνωστο
Γλώσσα:Αγγλικά
Έκδοση: Amsterdam, The Netherlands: Elsevier 2017
Noida, India: RELX India Privated Limited,
Έκδοση:Fourth edition
Σειρά:Woodhead Publishing Series in Food Science, Technology and Nutrition
Θέματα:
Ετικέτες: Προσθήκη ετικέτας
Δεν υπάρχουν, Καταχωρήστε ετικέτα πρώτοι!

MARC

LEADER 00000 a2200000 4500
003 CL-VaPUC
005 20220516090245.0
008 220425b ||||| |||| 00| 0 eng d
999 |c 435489  |d 435487 
020 |a 978-93-5107-391-8 
040 |c Pontificia Universidad Católica de Valparaíso 
082 7 |a 664 FEL 2020  |2 22 
100 |a Fellows, Peter J.  |9 545941  |e author 
245 |a Food Processing Technology.  |b Principles and Practice. 
250 |a Fourth edition 
260 |a Amsterdam, The Netherlands:  |b Elsevier 
260 |a Noida, India:   |b RELX India Privated Limited,   |c 2017 
300 |a 1128 páginas 
490 |a Woodhead Publishing Series in Food Science, Technology and Nutrition 
583 |k Cristina María Rojas Aguilar  |c 20220425 
650 0 |a Tecnología de los alimentos   |9 858381 
650 0 |a Conservación de los alimentos  |9 259337 
650 0 |a Procesamiento de los alimentos   |9 259497 
942 |2 ddc  |c BK 
952 |0 0  |1 0  |2 ddc  |4 0  |6 664_000000000000000_FEL_2020  |7 0  |8 A  |9 582767  |a BIBAGR  |b BIBAGR  |c GEN  |d 2022-04-25  |e 59  |g 62609.35  |i 5650936  |o 664 FEL 2020  |p 5650936  |r 2025-01-20  |t 2  |v 62609.35  |w 2022-04-25  |y BK  |k AGR 
952 |0 0  |1 0  |2 ddc  |4 0  |6 664_000000000000000_FEL_2020  |7 0  |8 A  |9 582768  |a BIBAGR  |b BIBAGR  |c GEN  |d 2022-04-25  |e 59  |g 62609.35  |i 5650935  |o 664 FEL 2020  |p 5650935  |r 2025-01-20  |t 1  |v 62609.35  |w 2022-04-25  |y BK  |k AGR